Những vấn đề mang tính toàn cầu gắn liền với sự phát triển khoa học, công ghệ trong bối cảnh toàn cầu hoá và một số giải pháp mang tính định hướng cho việc giải quyết những vấn đề này ở nước ta hiện nay /
Spremljeno u:
| Glavni autor: | |
|---|---|
| Format: | Članak |
| Jezik: | Vietnamese |
| Teme: | |
| Oznake: |
Dodaj oznaku
Bez oznaka, Budi prvi tko označuje ovaj zapis!
|
| Thư viện lưu trữ: | Thư viện Trường Đại học Đà Lạt |
|---|
| LEADER | 00959nam a2200265 4500 | ||
|---|---|---|---|
| 001 | DLU050049613 | ||
| 040 | # | # | |a DLU |b vie |
| 041 | # | # | |a vie |
| 044 | # | # | |a vn |
| 100 | # | # | |a Đặng Hữu |
| 245 | # | # | |a Những vấn đề mang tính toàn cầu gắn liền với sự phát triển khoa học, công ghệ trong bối cảnh toàn cầu hoá và một số giải pháp mang tính định hướng cho việc giải quyết những vấn đề này ở nước ta hiện nay / |c Đặng Hữu |
| 653 | # | # | |a Nghiên cứu khoa học |
| 653 | # | # | |a Toàn cầu hoá |
| 773 | # | # | |t Tạp chí Khoa học Xã hội Việt Nam |g Số 10, 2004, tr.7-18 |
| 920 | # | # | |a Phòng Tạp chí -- Trung tâm Thông tin - Thư viện Trường Đại học Đà Lạt |
| 933 | # | # | |a CP |
| 994 | # | # | |a DLU |
| 900 | # | # | |a True |
| 911 | # | # | |a Nguyễn Thị Yên |
| 925 | # | # | |a G |
| 926 | # | # | |a A |
| 927 | # | # | |a BB |
| 980 | # | # | |a Thư viện Trường Đại học Đà Lạt |